logo

Bir Sreshtho Munshi Abdur Rouf Library
Jhenaidah Cadet College

The story of Silent night / (Record no. 7366)

MARC details
000 -LEADER
fixed length control field 00757cam a22002531 4500
001 - CONTROL NUMBER
JCCL Control Number 7366
003 - CONTROL NUMBER IDENTIFIER
JCCL marc code BD-JhCC
005 - DATE AND TIME OF LATEST TRANSACTION
control field 20180402190944.0
008 - FIXED-LENGTH DATA ELEMENTS--GENERAL INFORMATION
fixed length control field 750403s1967 nyu 000 0 eng
035 ## - SYSTEM CONTROL NUMBER
system control number (BD-JhCC)7366
035 ## - SYSTEM CONTROL NUMBER
system control number (OCoLC)1251187
040 ## - CATALOGING SOURCE
Original cataloging agency DLC
Transcribing agency MAH
Modifying agency OCoLC
-- DLC
-- BD-JhCC
041 ## - LANGUAGE CODE
Language code of Book eng
050 00 - LIBRARY OF CONGRESS CALL NUMBER
Classification number ML410.G94
Item number G3 1967b
082 ## - DEWEY DECIMAL CLASSIFICATION NUMBER
Classification number 783.6/5/54
Author mark and Year CAL 1976
100 1# - MAIN ENTRY--PERSONAL NAME
Personal name Gallico, Paul,
Dates associated with a name 1897-1976.
245 14 - TITLE STATEMENT
Title The story of Silent night /
Statement of responsibility, etc Paul Gallico,
260 ## - PUBLICATION, DISTRIBUTION, ETC. (IMPRINT)
Place of publication, distribution, etc New York :
Name of publisher, distributor, etc Crown Publishers,
Date of publication, distribution, etc [c1967]
300 ## - PHYSICAL DESCRIPTION
Pagination 53 p.
Dimensions 20 cm.
600 10 - SUBJECT ADDED ENTRY--PERSONAL NAME
Personal name Gruber, Franz Xaver,
Dates associated with a name 1787-1863.
Title of a work Stille Nacht, heilige Nacht.
600 10 - SUBJECT ADDED ENTRY--PERSONAL NAME
Personal name Mohr, Joseph,
Dates associated with a name 1792-1848.
Title of a work Stille Nacht, heilige Nacht.
942 ## - ADDED ENTRY ELEMENTS (KOHA)
Source of classification or shelving scheme Dewey Decimal Classification
Koha item type Books
Holdings
Source of classification or shelving scheme Damaged status Not for loan Home library Current library Shelving location Total Checkouts Full call number Barcode Date last seen Copy number Koha item type
Dewey Decimal Classification     JCC Rouf Library JCC Rouf Library General Stacks   783.6/5/54 BOU 1976 9903 02/08/2018 C - 1 Books

JCC Library | Contacts | JCC Home

Last Update on 23 September 2017
Copyright @ 2017-2020 JCC Rouf Library
Rouf Library, Jhenidah Cadet College (JCC), Bangladesh